|
|
|
|
| LEADER |
00782naa a2200181 i 4500 |
| 001 |
acta60410 |
| 005 |
20260224081030.0 |
| 008 |
190802s2007 hu o 100 hun d |
| 040 |
|
|
|a SZTE Egyetemi Kiadványok Repozitórium
|b hun
|
| 041 |
|
|
|a hun
|
| 100 |
1 |
|
|a Nagy Lászlóné
|
| 245 |
1 |
2 |
|a A természettudományos megismerési kompetencia fejlesztése
|h [elektronikus dokumentum] /
|c Nagy Lászlóné
|
| 260 |
|
|
|c 2007
|
| 300 |
|
|
|a 116
|
| 490 |
0 |
|
|a Pedagógiai Értékelési Konferencia
|v 5
|
| 695 |
|
|
|a Kompetenciafejlesztés - előadáskivonat, Természettudományos megismerés - előadáskivonat, Tanárképzés - előadáskivonat
|
| 710 |
|
|
|a Pedagógiai Értékelési Konferencia (5.) (2007) (Szeged)
|
| 856 |
4 |
0 |
|u http://acta.bibl.u-szeged.hu/60410/1/pek_2007_116.pdf
|z Dokumentum-elérés
|